General Varela : (de soldado a general) / General Francisco Javier Mariñas (de soldado a general) / General Francisco Javier Mariñas
Descripción Física:
272 p., [9] f., [6] làm. ; 20 cm
Colección:
Colección La epopeya y sus héroes
MARC
| LEADER | 00000nam a2200000Ia 4500 | ||
|---|---|---|---|
| 001 | 1034 | ||
| 008 | 160829s1956 xx 000 0 cat d | ||
| 080 | |a M-3-33 | ||
| 100 | |a Mariñas, Francisco Javier |9 32255 | ||
| 245 | |a General Varela : |b (de soldado a general) / General Francisco Javier Mariñas | ||
| 260 | |a Barcelona : |b AHR, |c 1956 | ||
| 300 | |a 272 p., [9] f., [6] làm. ; |c 20 cm | ||
| 490 | |a Colección La epopeya y sus héroes | ||
| 650 | |a Varela Iglesias, José Enrique |9 32256 | ||
| 650 | |a Militars |x Biografia |9 24019 | ||
| 901 | |a Arxiu | ||
| 942 | |n 1 | ||
| 952 | |0 0 |1 0 |4 0 |6 M333 |7 1 |9 45922 |a Arxiu |b Arxiu |d 2016-12-01 |l 0 |o M-3-33 |p 1034 |r 2016-12-01 00:00:00 |w 2016-12-01 |y ARXIU | ||
| 999 | |c 49423 |d 49423 | ||